Protean behaviour : the biology of unpredictability /

Bibliographic Details
Main Author: Driver, Peter M.
Other Authors: Humphries, David A. (David Andrew)
Format: Book
Language:English
Published: Oxford [Oxfordshire] : New York : Clarendon Press ; Oxford University Press, 1988.
Series:Oxford science publications.
Subjects:

MARC

Tag First Indicator Second Indicator Subfields
LEADER 00000cam a22000008a 4500
001 in00000772921
005 20151017050557.0
008 880418s1988 enka b 00110 eng
010 |a  88015094  
020 |a 0198571704 :  |c $45.00 (U.S.) 
035 |a (OCoLC)17954371 
035 |9 ADK1300AM 
040 |a DLC  |c DLC  |d TXA  |d UtOrBLW 
049 |a TXAM  |c [A11700335] 
050 0 0 |a QL751  |b .D725 1988 
082 0 |a 591.5/1  |2 19 
100 1 |a Driver, Peter M. 
245 1 0 |a Protean behaviour :  |b the biology of unpredictability /  |c P.M. Driver and D.A. Humphries. 
263 |a 8901 
264 1 |a Oxford [Oxfordshire] :  |b Clarendon Press ;  |a New York :  |b Oxford University Press,  |c 1988. 
300 |a xiv, 339 pages :  |b illustrations 
336 |a text  |b txt  |2 rdacontent 
337 |a unmediated  |b n  |2 rdamedia 
338 |a volume  |b nc  |2 rdacarrier 
490 1 |a Oxford science publications 
504 |a Bibliography: pages [281]-310. 
500 |a Includes indexes. 
650 0 |a Animal behavior. 
650 0 |a Behavior evolution. 
700 1 |a Humphries, David A.  |q (David Andrew) 
830 0 |a Oxford science publications. 
999 |a MARS 
999 f f |s e6b00e88-5a3f-39cb-a69b-a4aa26973fe0  |i 648d8dcf-bd8f-3406-8ebd-26bd2a884962  |t 0 
952 f f |p ric  |a Texas A&M University  |b Rellis Campus  |c Joint Library Facility  |d Remote Storage  |t 0  |e QL751 .D725 1988  |h Library of Congress classification  |i unmediated -- volume  |m A14811700335 
998 f f |a QL751 .D725 1988  |t 0  |l Remote Storage